banner-ar

THE MOST DANGEROUS MAN IN AMERICA : (Record no. 6982)

MARC details
000 -الفاتح
حقل البيانات ثابتة الطول 00606nam a2200193Ia 4500
008 - عناصر البيانات ثابتة الطول - معلومات عامة
حقل البيانات ثابتة الطول 140319s9999 xx 000 0 eng d
020 ## - الرقم الدولى المعيارى للكتب
الرقم الدولى المعيارى للكتاب 0316103969
040 ## - مصدر الفهرسة
وكالة الفهرسة الأصلية GCL /
وكالة النسخ GCL
082 04 - رقم تصنيف ديوى العشرى
رقم التصنيف 973.320924
رقم المادة B M
100 1# - المدخل الرئيسى - إسم شخصى
الإسم الشخصى BOWEN, CATHERINE DRINKER
245 10 - بيان العنوان
العنوان THE MOST DANGEROUS MAN IN AMERICA :
بقية العنوان SCENES FROM THE LIFE OF BENJAMIN FRANKLIN /
بيان المسئوليه,etc BOWEN, CATHERINE DRINKER
260 ## - PUBLICATION, DISTRIBUTION, ETC. (IMPRINT)
تاريخ النشر أو التوزيع 1974
300 ## - الوصف المادى
التعداد 21 CM ؛
أبعاد الوعاء XIV,274 P
650 04 - المدخل الاضافى بالموضوع-مصطلح موضوعى
مصطلح موضوعي FRANKLIN, BENJAMIN
650 04 - المدخل الاضافى بالموضوع-مصطلح موضوعى
مصطلح موضوعي HISTORY
650 04 - المدخل الاضافى بالموضوع-مصطلح موضوعى
مصطلح موضوعي UNITED STATES - HISTORY
942 ## - عناصر المدخل الإضافي( كوها)
مصدر التصنيف او مخطط الترفيف Dewey Decimal Classification
Koha [default] item type كتاب
260 ## - PUBLICATION, DISTRIBUTION, ETC. (IMPRINT)
-- نيويورك :
-- LITTLE, BROWN AND COMPANY ،
Holdings
حالة التراجع حالة الفقد حالة تلف ليس للاعارة المكان المؤقت الموقع الحالى تاريخ الاكتساب اجمالي اﻻعارات رقم الطلب الباركود تاريخ اخر مشاهدة تاريخ تفعيل السعر نوع وعاء كوها
        مكتبة القاهرة الكبرى مكتبة القاهرة الكبرى 03/26/2014   973.320924\B M 14589 03/26/2014 03/26/2014 كتاب
        مكتبة القاهرة الكبرى مكتبة القاهرة الكبرى 03/26/2014   973.320924\B M 14590 03/26/2014 03/26/2014 كتاب

Powered By

EGPV